000 00613aas a2200169 4500
999 _c50419
_d50419
001 768714001
003 CO-MdFUSB
005 20170825165110.0
008 170825s1990 cr ||||| |||| 00| 0 spa d
040 _aCO-MdFUSB
_bspa
_cCO-MdFUSB
_dCO-MdFUSB
041 _aspa
100 1 _aCapps, Charles (1898-1981)
_eautor
245 1 0 _aLas llaves del reino :
_bdesatando el poder de Dios en la tierra
_c/ Capps, Charles (1898-1981)
300 _aVolumen 2. Número 2 (1990), páginas 25-27
_c: 28 cm.
773 0 _tConquista Cristiana
_049446
_960337
_gVolumen 2. Número 2 (1990), páginas 25-27
_qPágina 25
942 _cANA